000 00757nam a2200229Ia 4500
003 OSt
005 20251218160359.0
008 220923b |||||||| |||| 00| 0 eng d
020 _a8124601240
037 _cGeneral Book
040 _aRTL
_cRTL
_beng
041 _2eng
_aeng
084 _aY:3(S:515), N9
_qRTL
245 0 _aCulture of peace: experience and experiment
_b
260 _a New Delhi
_bIndira Gandhi National Centre for the Arts India
_c1999
300 _axvii, 262 p.
_bIncludes bibliographical references and index.
490 _aCulture and Developments, No.6
650 _aSociology
_9857903
700 _aSaraswati Baidyanath
_eEditor
_9857904
942 _hY:3(S:515), N9
_cGB
_2CC
_n0
999 _c599426
_d599426